Analýza obrobeného povrchu po brúsení

Na minha lista:
Detalhes bibliográficos
Autor principal: Bobok, Róbert, 1990- (Author)
Outros Autores: Moravčíková, Jana, 1975- (Thesis advisor)
Formato: Manuscrito Livro
Idioma:eslovaco
Publicado em: Trnava : STU v Bratislave MTF UVTE, 2014
Assuntos:
Acesso em linha:VAIS
Tags: Adicionar Tag
Sem tags, seja o primeiro a adicionar uma tag!

MARC

LEADER 00000ntm a22000003a 4500
001 stu291204
005 20150617230300.6
008 140613s2014----xo------------------slo-d
040 |a STU  |b slo 
041 0 |a slo 
044 |a xo 
100 1 |a Bobok, Róbert,  |d 1990-  |4 aut  |u M  |T MTF Materiálovotechnologická fakulta  |X 66147  |U M  |Y 60  |7 A000066147 
242 0 0 |a Analysis of machined surface after grinding  |y eng 
245 1 |a Analýza obrobeného povrchu po brúsení 
260 |a Trnava :  |b STU v Bratislave MTF UVTE,  |c 2014 
300 |a 87s  |c CD 
650 7 |a obrábanie a montáž  |2 stusub 
650 7 |a Machining and Assembly  |2 estusub 
700 1 |a Moravčíková, Jana,  |d 1975-  |4 ths  |u M3000  |U MTF Materiálovotechnologická fakulta  |T MTF Ústav výrobných technológií  |X 1526  |U M3000  |Y 83  |7 A000001526 
856 4 |a info a plný text  |u http://is.stuba.sk/zp/portal_zp.pl?podrobnosti=99615  |3 VAIS 
996 |c M*DP-11726  |l MMSKP  |s P  |a 0  |w stu291204_0001